Quick Pick: Classic Novels en Español Quiz Stats

 Plays Quiz Updated May 29, 2018

Challenge
Share
Tweet
Embed
Score 0/12 Timer 01:30
2 Plays Today
% Correct
Sentido y sensibilidad
94.5%
La peste
94.1%
Grandes esperanzas
93.3%
De ratones y hombres
89.7%
Historia de dos ciudades
89.5%
Guerra y paz
88.2%
El viejo y el mar
84.5%
Por quién doblan las campanas
80.9%
Cumbres borrascosas
70.4%
Matar un ruiseñor
67.9%
El cuento de la criada
61.3%
El guardián entre el centeno
54.1%

Today's Daily Dose

You're not logged in!

Compare scores with friends on all Sporcle quizzes.
OR
Log In

You Might Also Like...

Show Comments

Extras

Top Quizzes Today


Score Distribution

Your Account Isn't Verified!

In order to create a playlist on Sporcle, you need to verify the email address you used during registration. Go to your Sporcle Settings to finish the process.

Report this User

Report this user for behavior that violates our Community Guidelines.

Details: